Word Ladder: Triple Common Bond IV Quiz Stats

 Plays Quiz Updated Jan 18, 2014

Challenge
Share
Tweet
Embed
Score 0/78 Timer 08:00
0 Plays Today
Hint 4-Letter Word % Correct
Below average speedSLOW
97.1%
☕ Wintry precipitation ☕SNOW
96.8%
Nasal dischargeSNOT
96.2%
☕ Common metal (Fe, #26) ☕IRON
95.9%
☕ Not more ☕LESS
95.7%
Clear eyeglass partLENS
95%
☕ Apartment in UK ☕FLAT
94.7%
Chimney residueSOOT
94.5%
Period of abstention before EasterLENT
94.5%
Shredded cabbage saladSLAW
93.9%
Musical pulseBEAT
93.5%
Scottish girlLASS
93.5%
CrookedBENT
93.2%
Gait between walk and canterTROT
91.6%
Train whistleTOOT
91.5%
AccomplishmentFEAT
91.4%
☕ Clock reading ☕TIME
91.2%
Hinged fence openingGATE
90.5%
1982 Disney sci-fi filmTRON
90.5%
Strong dislikeHATE
90.4%
☕ Winning move in chess ☕MATE
90%
Stand or sit for cameraPOSE
89.9%
☕ Difficult ☕HARD
89.4%
Olympic vaulter's equipmentPOLE
89.3%
Female horseMARE
88.8%
DestinyFATE
88.5%
DomesticatedTAME
88.4%
Rabbit kinHARE
88.3%
5,280 feetMILE
88.3%
☕ Form of play or sport ☕GAME
87.6%
Apple centerCORE
87.5%
☕ Vertical fence support ☕POST
87%
Animal fat for cookingLARD
86%
Early part of dayMORN
85.8%
NFL penalty markerFLAG
85.4%
Previous happeningsPAST
84.8%
Hit with open handSLAP
84.4%
Of like kindSAME
84.2%
☕ Result of drilling ☕HOLE
84.1%
Hint 4-Letter Word % Correct
☕ Master, deity ☕LORD
83.3%
☕ Unspecified amount ☕SOME
83.1%
AchySORE
82.8%
To have cut grassMOWN
82.6%
Smelting wasteSLAG
82.5%
Join metal by heatWELD
82%
☕ Larger than village, hamlet ☕TOWN
82%
RippedTORE
81.2%
GentleMILD
80.9%
☕ Unruly ☕WILD
80.3%
LegumeBEAN
80.2%
WarmthHEAT
79.9%
Necklace componentBEAD
79.7%
Sentence componentWORD
79.3%
HobbledLAME
79%
Rent asunderTORN
78.9%
☕ Neck topper ☕HEAD
78.5%
Tattered, frayedWORN
78%
Capital of SwitzerlandBERN
77.7%
Red, swollen markWELT
77.4%
Emit coherent radiation LASE
76.7%
Narrow wooden stripSLAT
74.3%
Undergarment with dressSLIP
74.1%
Slender seabirdTERN
72.3%
Formal agreementPACT
71.7%
Lord Chancellor Sir ThomasMORE
71.3%
☕ Person's countenance ☕FACE
71.2%
Rate of speedPACE
70.7%
Swampy bogMIRE
69.2%
Spanish auto makerSEAT
67.4%
Shot of liquorBELT
58.8%
Threaded metal fastenerBOLT
56.1%
Otter denHOLT
53.8%
☕ With Scotland, UK police ☕YARD
51.1%
☕☕ COMMON BOND 1 ☕TIRE
50.8%
Easy to handle (nautical)YARE
47.8%
Auto make from 1929-37CORD
41.8%
☕☕ COMMON BOND 2 ☕☕CARD
38.1%
☕☕ COMMON BOND 3 ☕☕SHIP
29.7%

Today's Daily Dose

You're not logged in!

Compare scores with friends on all Sporcle quizzes.
OR
Log In

You Might Also Like...

Show Comments

Extras

Top Quizzes Today


Score Distribution

Your Account Isn't Verified!

In order to create a playlist on Sporcle, you need to verify the email address you used during registration. Go to your Sporcle Settings to finish the process.

Report this User

Report this user for behavior that violates our Community Guidelines.

Details: